书目信息 |
| 题名: |
纪检监察干部纪律教育手册
|
|
| 作者: | ;纪检监察干部纪律教育手册编写组 编 | |
| 分册: | ||
| 出版信息: | 北京 中国方正出版社 2023 |
|
| 页数: | 406页 | |
| 开本: | 24cm | |
| 丛书名: | ||
| 单 册: | ||
| 中图分类: | D262.6 , D630.9 | |
| 科图分类: | ||
| 主题词: | 行政--监察--中国--干部教育--教学参考资料 | |
| 电子资源: | ||
| ISBN: | 978-7-5174-1163-5 | |
| 000 | 01006nam0 2200253 450 | |
| 001 | 012024000107 | |
| 005 | 20240924225023.0 | |
| 010 | @a978-7-5174-1163-5@dCNY49.00 | |
| 100 | @a20240924d2023 em y0chiy50 ea | |
| 101 | 0 | @achi |
| 102 | @aCN@b110000 | |
| 105 | @ay z 000yy | |
| 106 | @ar | |
| 200 | 1 | @a纪检监察干部纪律教育手册@Aji jian jian cha gan bu ji lu^ jiao yu shou ce@f纪检监察干部纪律教育手册编写组编 |
| 210 | @a北京@c中国方正出版社@d2023 | |
| 215 | @a406页@d24cm | |
| 330 | @a本书分为综合法规篇和纪律规范篇。具体内容包括:中国共产党章程、中国共产党廉洁自律准则、中国共产党党内监督条例、中国共产党纪律处分条例、中国共产党党员权利保障条例等。 | |
| 601 | 02 | @a中国共产党@x纪律检查@x干部教育@j教学参考资料 |
| 606 | 0 | @a行政@x监察@y中国@x干部教育@j教学参考资料 |
| 690 | @aD262.6@v5 | |
| 690 | @aD630.9@v5 | |
| 711 | 02 | @a纪检监察干部纪律教育手册编写组@Aji jian jian cha gan bu ji lu^ jiao yu shou ce bian xie zu@4编 |
| 801 | 0 | @aCN@bAHXH@c20240924 |
| 905 | @b214134042@dD262.6@e2054@f1 | |
| 纪检监察干部纪律教育手册/纪检监察干部纪律教育手册编写组编.-北京:中国方正出版社,2023 |
| 406页;24cm |
| ISBN 978-7-5174-1163-5:CNY49.00 |
| 本书分为综合法规篇和纪律规范篇。具体内容包括:中国共产党章程、中国共产党廉洁自律准则、中国共产党党内监督条例、中国共产党纪律处分条例、中国共产党党员权利保障条例等。 |
| ● |
| 相关链接 |
|
|
|
|
正题名:纪检监察干部纪律教育手册
索取号:D262.6/2054
 
预约/预借
| 序号 | 登录号 | 条形码 | 馆藏地/架位号 | 状态 | 备注 |
| 1 | 1413404 | 214134042 | 第一样本阅览室/ [索取号:D262.6/2054] | 在馆 |